Main Protagonists of Assassin's Creed Games - Statistics

General Stats
  • This quiz has been taken 46 times
  • The average score is 13 of 14
Answer Stats
Game Main Protagonist % Correct
Assassin's Creed Altair Ibn la Ahad
100%
Assassin's Creed II Ezio Auditore
97%
Assassin's Creed Brotherhood Ezio Auditore
97%
Assassin's Creed Revelations Ezio Auditore
97%
Assassin's Creed IV: Black Flag Edward Kenway
94%
Assassin's Creed Odyssey Kassandra or Alexios
94%
Assassin's Creed III Connor Kenway
91%
Assassin's Creed Valhalla Eivor Varinsdottir
91%
Assassin's Creed Syndicate Jacob Frye and Evie Frye
88%
Assassin's Creed Origins Bayek of Siwa
85%
Assassin's Creed Rogue Shay Cormac
85%
Assassin's Creed Unity Arno Dorian
82%
Assassin's Creed Mirage Basim Ibn Ishaq
76%
Assassin's Creed Liberation Aveline de Grandpre
71%
No matching quizzes found
Score Distribution
Percent of People with Each Score
Percentile by Number Answered
Your Score History
You have not taken this quiz